00822cam a2200265 a 450000100060000000300080000600500170001400800410003103500340007204000340010604100080014008200200014824500400016825000120020826000390022030000240025950400330028365000450031665000470036165000500040865000360045865000230049465000100051770000290052719251BD-RjUL20211209000415.0140223s1966 enk b 000 1 eng d a(OCoLC)538212a(BD-RjUL)19309 aLCbengcLCdLCdANLdBD-RjUL aeng0 a821.1bSIR 196610aSir Orfeo /cedited by A. J. Bliss. a2nd ed. aOxford :bClarendon Press,cc1966. alx, 79 p. :c22 cm. aBibliography: p. [lviii]-lx. 0aOrpheus (Greek mythology) in literature. 0aEnglish poetryyMiddle English, 1100-1500. 0aCivilization, MedievalxClassical influences. 0aKnights and knighthoodxPoetry. 0aRomances, English. 0aLays.1 aBliss, Alan Joseph,eed.